[Event "MCR senioru 2018 nad 60 let"]
[Site "Pelclovo divadlo Rychnov nad K"]
[Date "2018.08.01"]
[Round "5"]
[White "Sedlak, Ludek"]
[Black "Vlacil, Vladimir"]
[Result "1/2-1/2"]
[WhiteElo "1898"]
[BlackElo "2007"]
[PlyCount "39"]
[EventDate "2018.07.28"]

1. e4 c5 2. Nf3 e6 3. d4 cxd4 4. Nxd4 a6 5. Nc3 Nc6 6. g3 Nf6 7. Bg2 Be7 8. O-O
O-O 9. Be3 Qc7 10. Nxc6 bxc6 11. Na4 Rb8 12. c4 d6 13. b3 c5 14. f4 Bb7 15. Nc3
Rfd8 16. Rf2 Bc6 17. h3 Qb7 18. Qc2 Nd7 19. Rd1 Nf6 20. Rfd2 1/2-1/2

[Event "MCR senioru 2018 nad 60 let"]
[Site "Pelclovo divadlo Rychnov nad K"]
[Date "2018.08.01"]
[Round "5"]
[White "Hastik, Svatopluk"]
[Black "Bednar, Jiri"]
[Result "1-0"]
[WhiteElo "2000"]
[BlackElo "1888"]
[PlyCount "81"]
[EventDate "2018.07.28"]

1. d4 Nf6 2. c4 c6 3. Nc3 d5 4. Nf3 dxc4 5. a4 Bf5 6. Ne5 Nbd7 7. Nxc4 e6 8.
Bg5 h6 9. Bh4 Bb4 10. e3 g5 11. Bg3 Ne4 12. Qb3 Qe7 13. Be2 O-O 14. f3 Nxg3 15.
hxg3 Kg7 16. Kf2 Nf6 17. Rad1 Rad8 18. Na2 a5 19. Nxb4 axb4 20. e4 Bh7 21. Qe3
Ng8 22. Bd3 f5 23. e5 Qc7 24. f4 g4 25. Nd6 Ne7 26. Bc4 Nd5 27. Qb3 Rxd6 28.
exd6 Qxd6 29. Bxd5 cxd5 30. Qe3 Bg6 31. Rhe1 Bf7 32. Rc1 Re8 33. Qe5+ Qxe5 34.
Rxe5 Re7 35. Rc5 Be8 36. a5 Kf6 37. Re1 b6 38. axb6 Rb7 39. Ra1 Rxb6 40. Ra7
Bc6 41. Ke3 1-0

[Event "MCR senioru 2018 nad 60 let"]
[Site "Pelclovo divadlo Rychnov nad K"]
[Date "2018.08.01"]
[Round "5"]
[White "Vlachopulos, Georgis"]
[Black "Kubala, Karel"]
[Result "1-0"]
[WhiteElo "1856"]
[BlackElo "1932"]
[PlyCount "57"]
[EventDate "2018.07.28"]

1. d4 Nf6 2. Bf4 c5 3. e3 e6 4. Nd2 Nc6 5. Ngf3 d5 6. c3 Be7 7. Bd3 Nh5 8. Bg3
Nxg3 9. hxg3 h6 10. Ne5 Nxe5 11. dxe5 Bd7 12. Qg4 Bf8 13. Nf3 Qc7 14. Qh5 Bc6
15. Ng5 Qe7 16. Nxf7 Rg8 17. Nxh6+ Kd8 18. Nxg8 Qd7 19. Rh4 Kc7 20. Rf4 Kb6 21.
Rf7 Qd8 22. Qd1 c4 23. Be2 Bc5 24. b4 Bxe3 25. fxe3 Qxg8 26. Qd4+ Ka6 27. Qf4
Qh7 28. a4 Be8 29. Bxc4+ 1-0

[Event "MCR senioru 2018 nad 60 let"]
[Site "Pelclovo divadlo Rychnov nad K"]
[Date "2018.08.01"]
[Round "5"]
[White "Marinov, Peter"]
[Black "Mlynek, Petr"]
[Result "0-1"]
[WhiteElo "1716"]
[BlackElo "2120"]
[PlyCount "80"]
[EventDate "2018.07.28"]

1. d4 d5 2. e3 Nf6 3. Bd3 Bg4 4. f3 Bh5 5. Ne2 Bg6 6. Nf4 Nbd7 7. Nc3 c6 8.
Nxg6 hxg6 9. f4 e6 10. a3 c5 11. Qf3 a6 12. Bd2 Qc7 13. Rc1 Bd6 14. Be2 cxd4
15. exd4 Nb6 16. g3 O-O-O 17. Na2 Nc4 18. Bc3 Ne4 19. Bxc4 Qxc4 20. b3 Qb5 21.
Bb2 f5 22. Nc3 Qa5 23. Ke2 Bxa3 24. Ra1 Nxc3+ 25. Bxc3 Qb5+ 26. Qd3 Qxd3+ 27.
Kxd3 Be7 28. h4 Kd7 29. Bd2 Rc8 30. c4 dxc4+ 31. bxc4 Rc6 32. Rhb1 Kc8 33. Rb3
Rd8 34. Ba5 Rxd4+ 35. Ke2 Rdxc4 36. Rab1 b5 37. Rd3 Rc2+ 38. Kf3 Rd6 39. Rc3+
Rxc3+ 40. Bxc3 Rd3+ 0-1

[Event "MCR senioru 2018 nad 60 let"]
[Site "Pelclovo divadlo Rychnov nad K"]
[Date "2018.08.01"]
[Round "5"]
[White "Feco, Jan"]
[Black "Salac, Jiri"]
[Result "1/2-1/2"]
[WhiteElo "1846"]
[BlackElo "1977"]
[PlyCount "114"]
[EventDate "2018.07.28"]

1. Nc3 d5 2. e4 c6 3. d4 dxe4 4. Nxe4 Bf5 5. Ng3 Bg6 6. c3 Nf6 7. Bd3 Nbd7 8.
Bxg6 hxg6 9. Nf3 Qc7 10. Qe2 Nd5 11. Bd2 e6 12. h3 Bd6 13. Ne4 Bf4 14. g3 Bxd2+
15. Nfxd2 N7f6 16. O-O-O O-O-O 17. Nc5 Nd7 18. Nde4 N7f6 19. Kb1 b6 20. Nd3
Nxe4 21. Qxe4 Rhe8 22. Qf3 f6 23. c4 Ne7 24. Nf4 Nf5 25. d5 e5 26. Ne6 Rxe6 27.
dxe6 Nd4 28. Qg4 Re8 29. Qxg6 Qe7 30. Qf7 Nxe6 31. Qxe7 Rxe7 32. Rhe1 g5 33. b4
Kc7 34. Re3 Rh7 35. Rf3 Rh6 36. Ra3 Nd4 37. Rxa7+ Kd6 38. Rh1 b5 39. c5+ Kd5
40. a4 bxa4 41. Kb2 Kc4 42. Rxa4 Kb5 43. Ra8 Kxb4 44. h4 Kxc5 45. Rc1+ Kd5 46.
hxg5 fxg5 47. Rg8 Rh2 48. Rxg5 Rxf2+ 49. Kb1 c5 50. Rg8 Ne6 51. g4 Rg2 52. Rf1
e4 53. Rf5+ Kc4 54. Re5 Nd4 55. Rxe4 Rg1+ 56. Kb2 Rg2+ 57. Kb1 Rg1+ 1/2-1/2

[Event "MCR senioru 2018 nad 60 let"]
[Site "Pelclovo divadlo Rychnov nad K"]
[Date "2018.08.01"]
[Round "5"]
[White "Horak, Vladimir"]
[Black "Koci, Ladislav"]
[Result "1/2-1/2"]
[WhiteElo "1958"]
[BlackElo "1832"]
[PlyCount "25"]
[EventDate "2018.07.28"]

1. d4 Nf6 2. Nd2 g6 3. e4 d6 4. Bd3 Bg7 5. Ngf3 O-O 6. O-O Bg4 7. h3 Bxf3 8.
Nxf3 Nfd7 9. c3 c5 10. Be3 Nc6 11. Qd2 cxd4 12. cxd4 Nb6 13. Rac1 1/2-1/2

[Event "MCR senioru 2018 nad 60 let"]
[Site "Pelclovo divadlo Rychnov nad Kneznou, Panska ulice"]
[Date "2018.08.01"]
[Round "5"]
[White "Zboril, Jaroslav"]
[Black "Sveda, Jiri"]
[Result "1/2-1/2"]
[WhiteElo "1924"]
[BlackElo "1857"]
[EventDate "2018.07.28"]
[PlyCount "35"]

1. Nf3 f5 2. c4 Nf6 3. g3 b6 4. Bg2 Bb7 5. O-O e6 6. Nc3 Bb4 7. Qb3 Bxc3 8.
Qxc3 O-O 9. b3 c5 10. Bb2 Qe7 11. d4 Ne4 12. Qc2 d6 13. Nd2 Nxd2 14. Qxd2 Bxg2
15. Kxg2 cxd4 16. Qxd4 Na6 17. Rad1 Rad8 18. Ba3 1/2-1/2

[Event "MCR senioru 2018 nad 60 let"]
[Site "Pelclovo divadlo Rychnov nad Kneznou, Panska ulice"]
[Date "2018.08.01"]
[Round "5"]
[White "Becvar, Miroslav"]
[Black "Kohout, Jan"]
[Result "1/2-1/2"]
[WhiteElo "1853"]
[BlackElo "1914"]
[EventDate "2018.07.28"]
[PlyCount "21"]

1. e4 e6 2. d4 d5 3. exd5 exd5 4. Bd3 Nf6 5. Ne2 Be7 6. Bg5 O-O 7. O-O Bg4 8.
Re1 Nbd7 9. Nd2 c6 10. c3 Bh5 11. Qc2 1/2-1/2

[Event "MCR senioru 2018 nad 60 let"]
[Site "Pelclovo divadlo Rychnov nad Kneznou, Panska ulice"]
[Date "2018.08.01"]
[Round "5"]
[White "Pittermann, Jan"]
[Black "Sedlacek, Jan"]
[Result "0-1"]
[WhiteElo "1801"]
[BlackElo "1860"]
[EventDate "2018.07.28"]
[PlyCount "106"]

1. e4 c5 2. Nc3 Nc6 3. Bb5 Nd4 4. Nf3 Nxb5 5. Nxb5 e6 6. Nc3 Ne7 7. d3 Ng6 8.
O-O Be7 9. Re1 O-O 10. Ne2 b6 11. Ng3 Bb7 12. Rb1 Qc7 13. Bd2 Rfc8 14. c3 d5
15. d4 dxe4 16. Nxe4 cxd4 17. Nxd4 Rd8 18. Qe2 Qd7 19. Rbd1 Qd5 20. f3 Qxa2 21.
Bc1 Bd5 22. b4 Qxe2 23. Nxe2 Bb3 24. Rxd8+ Rxd8 25. Nd4 Bd5 26. g3 e5 27. Nf5
Bxe4 28. fxe4 Rd3 29. Nxe7+ Nxe7 30. Bb2 Rd2 31. Ba1 f6 32. b5 Nc8 33. g4 Nd6
34. c4 Nxc4 35. Bc3 Rd3 36. Bb4 Rb3 37. Be7 Kf7 38. Rc1 Kxe7 39. Rxc4 Kd7 40.
Ra4 Rxb5 41. Rxa7+ Kc6 42. Rxg7 Rb4 43. Rf7 Rxe4 44. Rxf6+ Kc5 45. h3 b5 46.
Rh6 b4 47. Rxh7 b3 48. Rc7+ Kd4 49. Kf2 b2 50. Rb7 Kc3 51. g5 Rb4 52. Rc7+ Kd4
53. Rd7+ Ke4 0-1

[Event "MCR senioru 2018 nad 60 let"]
[Site "Pelclovo divadlo Rychnov nad Kneznou, Panska ulice"]
[Date "2018.08.01"]
[Round "5"]
[White "Brhlik, Antonin"]
[Black "Novotny, Josef"]
[Result "0-1"]
[WhiteElo "1699"]
[BlackElo "2036"]
[EventDate "2018.07.28"]
[PlyCount "88"]

1. e4 e6 2. d4 d6 3. Nf3 Nf6 4. Nc3 Nc6 5. Be2 h6 6. h3 g6 7. Be3 Bg7 8. Qd2 a6
9. a3 b5 10. b4 Bb7 11. Rd1 d5 12. e5 Ne4 13. Qd3 Ne7 14. Nd2 Nxc3 15. Qxc3 Nf5
16. Bf4 O-O 17. Nf3 c6 18. Qd2 g5 19. Bh2 a5 20. g4 Ne7 21. h4 gxh4 22. Bf4 Ng6
23. Bxh6 f6 24. Nxh4 Nxh4 25. Rxh4 fxe5 26. g5 e4 27. Bg4 Bc8 28. Ke2 e5 29.
Rdh1 Bxg4+ 30. Rxg4 Qd7 31. Rgh4 Qf5 32. Qe3 exd4 33. Qg3 Be5 34. Qg2 Qf3+ 35.
Qxf3 Rxf3 36. g6 axb4 37. axb4 Ra2 38. Bd2 Rxc2 39. Rf1 d3+ 40. Kd1 Ra2 41.
Rhh1 Ra1+ 42. Bc1 Bc3 43. Rhg1 d4 44. Rh1 d2 0-1

[Event "MCR senioru 2018 nad 60 let"]
[Site "Pelclovo divadlo Rychnov nad Kneznou, Panska ulice"]
[Date "2018.08.01"]
[Round "5"]
[White "Kolek, Josef"]
[Black "Safarik, Milan"]
[Result "0-1"]
[WhiteElo "1817"]
[BlackElo "1950"]
[EventDate "2018.07.28"]
[PlyCount "92"]

1. c4 c6 2. g3 d5 3. cxd5 cxd5 4. Bg2 Nf6 5. Nc3 e6 6. d3 Bd6 7. Nf3 Bd7 8. O-O
O-O 9. b3 Nc6 10. Bb2 Qa5 11. a3 a6 12. b4 Qd8 13. Re1 b5 14. e4 Be7 15. e5 Ne8
16. d4 Rc8 17. Qd3 Nc7 18. h4 Na8 19. Bc1 Nb6 20. Ng5 g6 21. f4 Nc4 22. Nf3 Qb6
23. Kh2 h5 24. Bh3 Kg7 25. Nxd5 Qc7 26. Ne3 Nxe3 27. Bxe3 Rfd8 28. Rac1 Qb7 29.
Bg2 Qb8 30. Nd2 a5 31. Bxc6 Bxc6 32. bxa5 Qa8 33. Nb3 Bxa3 34. Ra1 Be7 35. a6
Bd5 36. Nd2 b4 37. Rec1 Rc6 38. Rxc6 Qxc6 39. Nb3 Be4 40. Na5 Qd5 41. Qb3 Rc8
42. Qxd5 Bxd5 43. Rc1 Ra8 44. Nc6 Bf8 45. a7 b3 46. Bd2 b2 0-1

[Event "MCR senioru 2018 nad 60 let"]
[Site "Pelclovo divadlo Rychnov nad K"]
[Date "2018.08.02"]
[Round "6"]
[White "Novotny, Jaroslav"]
[Black "Shilov, Sergej"]
[Result "0-1"]
[WhiteElo "1936"]
[BlackElo "2199"]
[PlyCount "64"]
[EventDate "2018.07.28"]

1. e4 c5 2. Nf3 Nf6 3. Nc3 d5 4. exd5 Nxd5 5. Nxd5 Qxd5 6. d4 Nc6 7. Be3 cxd4
8. Nxd4 a6 9. Nxc6 Qxc6 10. Qe2 Be6 11. f3 Bf5 12. c3 Rc8 13. Kf2 e5 14. Rd1
Be7 15. g3 Be6 16. a3 Bb3 17. Rd2 f5 18. Bg2 f4 19. gxf4 Bc4 20. Qd1 exf4 21.
Bd4 Bh4+ 22. Kg1 O-O 23. Bf2 Qh6 24. b3 Bxf2+ 25. Rxf2 Rcd8 26. Qc2 Bd3 27. Qb2
Rfe8 28. h4 Re1+ 29. Bf1 Qg6+ 30. Rg2 Rxf1+ 31. Kh2 Rxh1+ 32. Kxh1 Qf6 0-1

[Event "MCR senioru 2018 nad 60 let"]
[Site "Pelclovo divadlo Rychnov nad K"]
[Date "2018.08.02"]
[Round "6"]
[White "Gibiec, Ernest"]
[Black "Vlachopulos, Georgis"]
[Result "1/2-1/2"]
[WhiteElo "2175"]
[BlackElo "1856"]
[PlyCount "43"]
[EventDate "2018.07.28"]

1. d4 Nf6 2. Nf3 c6 3. c4 d6 4. Nc3 Qc7 5. Bg5 Bg4 6. e4 Nbd7 7. Be2 e5 8. O-O
Be7 9. Qd2 O-O 10. Rfe1 a5 11. Nh4 exd4 12. Qxd4 Nc5 13. Bxg4 Nxg4 14. Nf5 f6
15. Bf4 Ne5 16. Bxe5 dxe5 17. Qd1 Rad8 18. Qg4 g6 19. Rad1 Kh8 20. Nxe7 Qxe7
21. Qf3 Kg7 22. Rxd8 1/2-1/2

[Event "MCR senioru 2018 nad 60 let"]
[Site "Pelclovo divadlo Rychnov nad K"]
[Date "2018.08.02"]
[Round "6"]
[White "Marek, Jiri"]
[Black "Hastik, Svatopluk"]
[Result "1-0"]
[WhiteElo "1907"]
[BlackElo "2000"]
[PlyCount "41"]
[EventDate "2018.07.28"]

1. e4 g6 2. d4 Bg7 3. Nc3 d6 4. Be3 Nf6 5. f3 O-O 6. Qd2 e5 7. O-O-O Nbd7 8. d5
a6 9. g4 b5 10. Nge2 Qe7 11. Ng3 Rd8 12. h4 Nb6 13. h5 Bd7 14. Qh2 Bh8 15. Qh4
Nc4 16. Bxc4 bxc4 17. Bh6 Bc8 18. Rdg1 Bg7 19. Bxg7 Kxg7 20. hxg6 fxg6 21. g5
1-0

[Event "MCR senioru 2018 nad 60 let"]
[Site "Pelclovo divadlo Rychnov nad K"]
[Date "2018.08.02"]
[Round "6"]
[White "Mlynek, Petr"]
[Black "Sedlak, Ludek"]
[Result "1-0"]
[WhiteElo "2120"]
[BlackElo "1898"]
[PlyCount "67"]
[EventDate "2018.07.28"]

1. d4 Nf6 2. c4 g6 3. Nf3 Bg7 4. g3 O-O 5. Bg2 d6 6. O-O c6 7. Nc3 Nbd7 8. h3
Qc7 9. e4 a5 10. Be3 e5 11. Qc2 b5 12. c5 Re8 13. cxd6 Qxd6 14. Rfd1 Qe7 15.
dxe5 Nxe5 16. Nxe5 Qxe5 17. Bf4 Qc5 18. Bd6 Qb6 19. Ne2 Bb7 20. Rac1 Nd7 21.
Nf4 Rad8 22. Kh2 Be5 23. b3 Bxd6 24. Rxd6 Qc7 25. Rcd1 Nb8 26. e5 Rxd6 27. exd6
Qd8 28. h4 Re5 29. Nd3 Re8 30. Nc5 Ba8 31. d7 Re7 32. Qd2 Kg7 33. Qd6 Nxd7 34.
Nxd7 1-0

[Event "MCR senioru 2018 nad 60 let"]
[Site "Pelclovo divadlo Rychnov nad K"]
[Date "2018.08.02"]
[Round "6"]
[White "Vagner, Ladislav"]
[Black "Pospisil, Evzen"]
[Result "1-0"]
[WhiteElo "1928"]
[BlackElo "2043"]
[PlyCount "55"]
[EventDate "2018.07.28"]

1. d4 Nf6 2. Nf3 e6 3. c4 c5 4. e3 b6 5. Nc3 Bb7 6. d5 exd5 7. cxd5 d6 8. e4 g6
9. Bg5 h6 10. Bb5+ Nbd7 11. Bxd7+ Kxd7 12. Qa4+ Kc8 13. Bxf6 Qxf6 14. Qe8+ Qd8
15. Qxf7 g5 16. e5 dxe5 17. Nxe5 a6 18. Ng6 Bd6 19. Nxh8 Qxh8 20. O-O Kb8 21.
Qd7 Qe5 22. g3 Bc8 23. Qc6 Bc7 24. Rfe1 Qd6 25. Re8 Ka7 26. Rae1 Rb8 27. R1e7
Rb7 28. Ne4 1-0

[Event "MCR senioru 2018 nad 60 let"]
[Site "Pelclovo divadlo Rychnov nad K"]
[Date "2018.08.02"]
[Round "6"]
[White "Vlacil, Vladimir"]
[Black "Pavlis, Jaromir"]
[Result "0-1"]
[WhiteElo "2007"]
[BlackElo "1927"]
[PlyCount "100"]
[EventDate "2018.07.28"]

1. e4 c6 2. d4 d5 3. exd5 cxd5 4. Bd3 Nf6 5. c3 Nc6 6. Bf4 e6 7. Nf3 Bd6 8.
Bxd6 Qxd6 9. O-O O-O 10. Re1 Qf4 11. Ne5 Nxe5 12. Rxe5 Ng4 13. Rh5 g6 14. Rh3
Nxf2 15. Rf3 Nxd1 16. Rxf4 Nxb2 17. Be2 Bd7 18. Nd2 Bc6 19. Rb1 Na4 20. Rc1 Nb6
21. Rcf1 Rac8 22. Nb3 Nc4 23. Bxc4 dxc4 24. Nd2 Bd5 25. Rb1 Rc7 26. Ne4 Bxe4
27. Rxe4 Rd8 28. Rb5 Kg7 29. Ree5 b6 30. a4 Rd6 31. a5 f6 32. axb6 axb6 33. Re2
Ra7 34. Reb2 Ra6 35. Kf2 Kf7 36. R2b4 Rc6 37. d5 exd5 38. Rxd5 Ra3 39. Rd7+ Ke6
40. Rxh7 Rxc3 41. Rh4 f5 42. Rd4 Rc2+ 43. Kg3 c3 44. Rb1 Rd2 45. Re1+ Kf6 46.
Rxd2 cxd2 47. Rd1 Rd6 48. Kf2 Ke5 49. Ke2 Ke4 50. g3 b5 0-1

[Event "MCR senioru 2018 nad 60 let"]
[Site "Pelclovo divadlo Rychnov nad K"]
[Date "2018.08.02"]
[Round "6"]
[White "Sedlacek, Jan"]
[Black "Salac, Jiri"]
[Result "1/2-1/2"]
[WhiteElo "1860"]
[BlackElo "1977"]
[PlyCount "76"]
[EventDate "2018.07.28"]

1. e4 c5 2. Nf3 d6 3. d4 cxd4 4. Nxd4 Nf6 5. Nc3 a6 6. Be2 e5 7. Nb3 Be7 8. Be3
Be6 9. f3 Nbd7 10. Qd2 Qc7 11. Nd5 Nxd5 12. exd5 Bf5 13. Rc1 Bg6 14. O-O O-O
15. c4 b6 16. Bd3 a5 17. Bxg6 hxg6 18. Rc2 Nc5 19. Nc1 f5 20. a3 a4 21. Na2 Bf6
22. Nc3 Qe7 23. Bxc5 bxc5 24. Re1 Qd8 25. Nb5 Bg5 26. Qc3 Bh4 27. g3 Bf6 28.
Qd2 Qd7 29. Kg2 Rfe8 30. Qd3 Kf7 31. Rce2 Rh8 32. Qc2 Be7 33. Kg1 Bd8 34. Qd3
Ra6 35. Rf1 Bf6 36. Rfe1 Rb6 37. Rf1 g5 38. Rfe1 g6 1/2-1/2

[Event "MCR senioru 2018 nad 60 let"]
[Site "Pelclovo divadlo Rychnov nad K"]
[Date "2018.08.02"]
[Round "6"]
[White "Novotny, Josef"]
[Black "Humlicek, Vojtech"]
[Result "1/2-1/2"]
[WhiteElo "2036"]
[BlackElo "1879"]
[PlyCount "70"]
[EventDate "2018.07.28"]

1. e3 d5 2. d3 Nf6 3. Nf3 Bg4 4. Be2 Nc6 5. Nc3 a6 6. a3 e6 7. b3 Be7 8. Bb2
O-O 9. h3 Bxf3 10. gxf3 b5 11. Rg1 Ne8 12. Qd2 Bf6 13. d4 e5 14. dxe5 Nxe5 15.
O-O-O c6 16. f4 Ng6 17. Bd3 Qc7 18. Kb1 a5 19. f5 Ne5 20. Be2 b4 21. Na4 bxa3
22. Bd4 Nd6 23. f4 Nd7 24. Bxf6 Nxf6 25. Qd4 Qe7 26. Bd3 Rfb8 27. Rg2 Rb4 28.
Qc3 Kh8 29. Rdg1 Nde8 30. Qc5 Qxc5 31. Nxc5 a4 32. Ka2 axb3+ 33. cxb3 Ne4 34.
Bxe4 dxe4 35. Rd1 Nf6 1/2-1/2

[Event "MCR senioru 2018 nad 60 let"]
[Site "Pelclovo divadlo Rychnov nad K"]
[Date "2018.08.02"]
[Round "6"]
[White "Sveda, Jiri"]
[Black "Drabek, Miloslav"]
[Result "1/2-1/2"]
[WhiteElo "1857"]
[BlackElo "2027"]
[PlyCount "85"]
[EventDate "2018.07.28"]

1. e4 d6 2. d4 Nf6 3. Nc3 g6 4. Bg5 Bg7 5. Qd2 c6 6. f3 Nbd7 7. Bc4 O-O 8. Nge2
b5 9. Bb3 b4 10. Nd1 a5 11. Ba4 Qc7 12. c3 Nb6 13. Bc2 c5 14. b3 bxc3 15. Ndxc3
cxd4 16. Nxd4 Ba6 17. Rc1 Rac8 18. Ndb5 Bxb5 19. Nxb5 Qb7 20. a4 Ra8 21. O-O
Nbd7 22. Be3 Ne5 23. Bb1 Nc6 24. Rc4 Nd7 25. f4 Rac8 26. Qf2 Nb4 27. Rfc1 Rxc4
28. Rxc4 Rc8 29. Rxc8+ Qxc8 30. h3 Qc6 31. Kh2 Nc5 32. Bxc5 Qxc5 33. Qxc5 dxc5
34. e5 f6 35. e6 f5 36. Na3 Nd5 37. g3 Nc7 38. Bd3 Bb2 39. Nb5 Nd5 40. Kg2 Kg7
41. Kf3 Kf6 42. Bc4 Nb6 43. Nc7 1/2-1/2

[Event "MCR senioru 2018 nad 60 let"]
[Site "Pelclovo divadlo Rychnov nad K"]
[Date "2018.08.02"]
[Round "6"]
[White "Divis, Libor"]
[Black "Horak, Vladimir"]
[Result "0-1"]
[WhiteElo "1843"]
[BlackElo "1958"]
[PlyCount "88"]
[EventDate "2018.07.28"]

1. e4 e6 2. Nf3 d5 3. e5 c5 4. Bb5+ Bd7 5. Bxd7+ Nxd7 6. O-O Ne7 7. c3 Nc6 8.
d4 Be7 9. Be3 O-O 10. Ne1 Qb6 11. Qb3 Rfc8 12. Qxb6 Nxb6 13. b3 a5 14. f4 cxd4
15. cxd4 a4 16. Nd2 axb3 17. Nxb3 Nb4 18. Bd2 Nc4 19. Rf2 Ra7 20. Bc1 Rca8 21.
Bd2 Nxd2 22. Rxd2 Rxa2 23. Raxa2 Rxa2 24. Rxa2 Nxa2 25. Kf2 Nb4 26. Ke3 Kf8 27.
Nc5 Bxc5 28. dxc5 Ke7 29. Nf3 h6 30. Nd4 Na6 31. Nb3 Kd7 32. Kd4 Nb8 33. g4 f6
34. exf6 gxf6 35. h4 Nc6+ 36. Ke3 e5 37. fxe5 fxe5 38. Kf2 Ke6 39. Ke3 Kf6 40.
Kf3 Nd8 41. Na5 e4+ 42. Ke3 Ke5 43. h5 d4+ 44. Kf2 Kf4 0-1

[Event "MCR senioru 2018 nad 60 let"]
[Site "Pelclovo divadlo Rychnov nad K"]
[Date "2018.08.02"]
[Round "6"]
[White "Safarik, Milan"]
[Black "Becvar, Miroslav"]
[Result "1-0"]
[WhiteElo "1950"]
[BlackElo "1853"]
[PlyCount "94"]
[EventDate "2018.07.28"]

1. e4 e6 2. d4 d5 3. Nd2 dxe4 4. Nxe4 Nf6 5. Nxf6+ Qxf6 6. Nf3 h6 7. Bd3 c5 8.
Be3 Nc6 9. O-O Be7 10. c3 cxd4 11. Nxd4 O-O 12. Nxc6 bxc6 13. Qc2 Bd6 14. Rad1
Rd8 15. Be4 Qe7 16. Bxc6 Rb8 17. Rfe1 Qc7 18. Bf3 Bxh2+ 19. Kh1 Bd6 20. Rd4 Bb7
21. Bxb7 Qxb7 22. Red1 Qe7 23. Qd2 Bc7 24. Qe2 Rd6 25. g3 Rxd4 26. Rxd4 Be5 27.
Rd2 Bf6 28. Qd1 a6 29. Qa4 Qb7+ 30. Kh2 Ra8 31. Qg4 Kh8 32. Bd4 Bxd4 33. Qxd4
Qf3 34. c4 Qh5+ 35. Kg2 e5 36. Qe4 Re8 37. g4 Qg5 38. Rd7 h5 39. Rxf7 hxg4 40.
Rf5 Qh4 41. Rxe5 Qh3+ 42. Kg1 Rd8 43. Re8+ Rxe8 44. Qxe8+ Kh7 45. Qe4+ Kg8 46.
Qf5 Qh4 47. Qd5+ Kf8 1-0

[Event "MCR senioru 2018 nad 60 let"]
[Site "Pelclovo divadlo Rychnov nad Kneznou, Panska ulice"]
[Date "2018.08.02"]
[Round "6"]
[White "Kubala, Karel"]
[Black "Feco, Jan"]
[Result "1-0"]
[WhiteElo "1932"]
[BlackElo "1846"]
[EventDate "2018.07.28"]
[PlyCount "91"]

1. d4 Nf6 2. Nf3 c5 3. d5 d6 4. Nc3 h6 5. e4 e5 6. Bb5+ Bd7 7. Be2 Be7 8. O-O
O-O 9. Nd2 Nh7 10. f4 exf4 11. Rxf4 Bg5 12. Rf1 Bc8 13. Nc4 Bxc1 14. Qxc1 f6
15. Qf4 Qe7 16. Qxd6 Qxd6 17. Nxd6 Nd7 18. Bg4 Nb6 19. Bxc8 Nxc8 20. Nxb7 Rb8
21. Nxc5 Rxb2 22. Rf2 Nd6 23. Nd3 Rbb8 24. Re1 Rbc8 25. Nd1 Ng5 26. Rfe2 Rfd8
27. e5 fxe5 28. Nxe5 Rc5 29. Nc6 Rf8 30. Nb2 Kh7 31. Nxa7 Rxd5 32. Nc6 Ra8 33.
a4 Rc5 34. Nb4 Nc4 35. N4d3 Rcc8 36. Rf1 Nxb2 37. Nxb2 Rcb8 38. c3 Kg6 39. h4
Ne4 40. Rxe4 Rxb2 41. Rg4+ Kh5 42. Rxg7 Rxa4 43. Rf5+ Kxh4 44. Rf3 Kh5 45. Rh3+
Rh4 46. g4# 1-0

[Event "MCR senioru 2018 nad 60 let"]
[Site "Pelclovo divadlo Rychnov nad Kneznou, Panska ulice"]
[Date "2018.08.02"]
[Round "6"]
[White "Sysala, Stanislav"]
[Black "Zboril, Jaroslav"]
[Result "0-1"]
[WhiteElo "1629"]
[BlackElo "1924"]
[EventDate "2018.07.28"]
[PlyCount "74"]

1. Nf3 d6 2. d4 Nf6 3. c4 Bf5 4. Nc3 h6 5. Qb3 Qc8 6. Nh4 Bh7 7. g3 c6 8. Bg2
Nbd7 9. a4 e5 10. e3 g5 11. Nf3 Qc7 12. a5 Bg7 13. Qa4 O-O 14. O-O Ne4 15. Qd1
b6 16. Nxe4 Bxe4 17. b4 c5 18. dxc5 dxc5 19. Bd2 Rad8 20. Ra2 Bd3 21. Qb3 Bxf1
22. Bxf1 e4 23. Ne1 cxb4 24. Bxb4 Nc5 25. Qa3 Rd1 26. Be2 Rb1 27. axb6 axb6 28.
Bd2 Rd8 29. Kf1 Nd3 30. Rc2 Ra1 31. Ra2 Rxa2 32. Qxa2 Qc6 33. Qc2 Qd7 34. Bc3
Qf5 35. f3 Bxc3 36. Qxc3 Nxe1 37. Kxe1 exf3 0-1

[Event "MCR senioru 2018 nad 60 let"]
[Site "Pelclovo divadlo Rychnov nad Kneznou, Panska ulice"]
[Date "2018.08.02"]
[Round "6"]
[White "Kohout, Jan"]
[Black "Tsapanidis, Vasilis"]
[Result "1/2-1/2"]
[WhiteElo "1914"]
[BlackElo "1836"]
[EventDate "2018.07.28"]
[PlyCount "80"]

1. e4 e5 2. Nf3 Nc6 3. Bb5 d6 4. O-O Nf6 5. Re1 Be7 6. c3 O-O 7. h3 Bd7 8. d3
a6 9. Ba4 h6 10. Nbd2 Nh7 11. Bb3 Na5 12. Bc2 f5 13. d4 fxe4 14. Bxe4 exd4 15.
cxd4 Nf6 16. Bxb7 Nxb7 17. Qb3+ Kh8 18. Qxb7 Bb5 19. Nh4 Kh7 20. Qf3 g6 21. Qg3
Rg8 22. Nhf3 Nh5 23. Qg4 Bc6 24. Qe6 Rg7 25. Ne4 Bd7 26. Qb3 Qf8 27. d5 Rf7 28.
Nd4 Nf6 29. Ne6 Qc8 30. Qe3 Ng8 31. Bd2 Rf5 32. Qd4 Bxe6 33. dxe6 c5 34. Qe3 d5
35. Ng3 Rf6 36. Qe5 Qb7 37. b3 Raf8 38. f3 Qc6 39. Nf1 Bd6 40. Qe2 Re8 1/2-1/2

[Event "MCR senioru 2018 nad 60 let"]
[Site "Pelclovo divadlo Rychnov nad Kneznou, Panska ulice"]
[Date "2018.08.02"]
[Round "6"]
[White "Bednar, Jiri"]
[Black "Marinov, Peter"]
[Result "0-1"]
[WhiteElo "1888"]
[BlackElo "1716"]
[EventDate "2018.07.28"]
[PlyCount "92"]

1. e4 d6 2. d4 Nd7 3. Nf3 e6 4. Nc3 Be7 5. Bd3 c6 6. Bf4 Ngf6 7. Qe2 Nh5 8. Be3
e5 9. Nxe5 dxe5 10. Qxh5 exd4 11. Bxd4 Nf6 12. Bxf6 Bxf6 13. Qc5 Bd4 14. Qa3 b5
15. Rd1 Qb6 16. Qd6 Bxf2+ 17. Kf1 Be6 18. Be2 Bc5 19. Qf4 O-O 20. h3 Rad8 21.
Rxd8 Rxd8 22. Bd3 Bc4 23. Ke2 Bxd3+ 24. cxd3 Bd4 25. Rf1 f6 26. Qd2 Qc5 27. Rf5
Qd6 28. Qf4 Be5 29. Qe3 g6 30. Rf3 Bd4 31. Qc1 Re8 32. Kd2 Be5 33. Kc2 a5 34.
Kb1 a4 35. a3 Rb8 36. Qc2 Kg7 37. Na2 Qd4 38. Nb4 Rb6 39. Rf1 c5 40. Nd5 Rb7
41. g4 b4 42. axb4 a3 43. Rf2 cxb4 44. g5 fxg5 45. Qe2 axb2 46. Qf3 Qc5 0-1

[Event "MCR senioru 2018 nad 60 let"]
[Site "Pelclovo divadlo Rychnov nad K"]
[Date "2018.08.03"]
[Round "7"]
[White "Shilov, Sergej"]
[Black "Marek, Jiri"]
[Result "1-0"]
[WhiteElo "2199"]
[BlackElo "1907"]
[PlyCount "75"]
[EventDate "2018.07.28"]

1. e4 c6 2. Nc3 d5 3. Nf3 Bg4 4. h3 Bh5 5. d4 dxe4 6. Nxe4 Nf6 7. Nxf6+ gxf6 8.
Be2 e6 9. c3 Qc7 10. Nh4 Bxe2 11. Qxe2 Nd7 12. O-O O-O-O 13. b4 Nb6 14. a4 Nd5
15. Bd2 Bd6 16. Rab1 Bf4 17. c4 Bxd2 18. cxd5 Bg5 19. d6 Rxd6 20. Nf3 Rd5 21.
b5 Kb8 22. a5 Rxb5 23. Rxb5 cxb5 24. Nxg5 fxg5 25. Qxb5 h6 26. a6 b6 27. d5 Rd8
28. dxe6 fxe6 29. Re1 Rc8 30. g3 Qc5 31. Qd7 Qc6 32. Qg7 b5 33. Rxe6 Qf3 34.
Qe5+ Ka8 35. Re8 Qc6 36. Re6 Qf3 37. Re8 Qc6 38. Qxb5 1-0

[Event "MCR senioru 2018 nad 60 let"]
[Site "Pelclovo divadlo Rychnov nad K"]
[Date "2018.08.03"]
[Round "7"]
[White "Vagner, Ladislav"]
[Black "Gibiec, Ernest"]
[Result "1/2-1/2"]
[WhiteElo "1928"]
[BlackElo "2175"]
[PlyCount "43"]
[EventDate "2018.07.28"]

1. d4 d5 2. Nf3 Nf6 3. c4 c6 4. Nc3 dxc4 5. a4 Bf5 6. Ne5 Na6 7. e4 Bxe4 8.
Bxc4 Bd5 9. Nxd5 Nxd5 10. Qf3 f6 11. Qh5+ g6 12. Nxg6 hxg6 13. Qxh8 Nab4 14.
O-O Qd7 15. Qh4 O-O-O 16. Bd2 a5 17. Bxd5 Qxd5 18. Qg4+ f5 19. Qxg6 Nc2 20.
Rad1 Nxd4 21. Rfe1 e6 22. Bc3 1/2-1/2